| 000 | 00510nam a22001811a 4500 | ||
|---|---|---|---|
| 001 | 6786 | ||
| 003 | OSt | ||
| 005 | 20260204212103.0 | ||
| 008 | 060721s1986||||dr ||||||b||||||||||spa|| | ||
| 050 | _aRD 972.93052 D651h | ||
| 100 | _aDobal, Carlos | ||
| 245 | _aHabla Lilís: (un documento secreto) / Carlos Dobal | ||
| 264 | _aSanto Domingo : Biblioteca Nacional | ||
| 300 | _a197 p | ||
| 490 | _aColección orfeo | ||
| 650 | _aRepública Dominicana - Historia - Rep. Dominicana - LilísÌ | ||
| 942 |
_2ddc _cBK |
||
| 999 |
_c6786 _d6786 |
||